| 000 | 00547cam a2200217ua 4500 | ||
|---|---|---|---|
| 001 | 7218 | ||
| 005 | 20260515114154.0 | ||
| 008 | 141204n ii |||gr||||Z||||||eng | ||
| 020 | _a9780195694451 | ||
| 040 | _cMAIN | ||
| 041 | _aeng | ||
| 082 | _a658 | ||
| 100 |
_aBhat, Anil, _eAuthor., |
||
| 245 |
_aManagement : _bPrinciples, processes and practices / _cBy Anil Bhat . |
||
| 250 | _a5th rev. | ||
| 260 |
_aNew Delhi: _bOxford, _c2010. |
||
| 300 | _a590p. | ||
| 653 | _aGeneral management | ||
| 700 |
_aKumar, A., _eAuthor., |
||
| 942 | _cBK | ||
| 999 |
_c6338 _d6338 |
||